000
00234nam a22001217a 4500
008
170811b xxu||||| |||| 00| 0 eng d
041
_a
eng
080
_a
4
100
_a
4
101
_a
4
245
_a
45645
_c
4456
942
_2
udc
_c
BK
999
_c
23206
_d
23206